Statistics for Territories without Maritime Borders

Click here to take the quiz!

General Stats

  • This quiz has been taken 20 times
  • The average score is 7 of 19

Answer Stats

Part of:Answer% Correct
United KingdomBermuda
72%
United KingdomSaint Helena
72%
PortugalThe Azores
61%
United KingdomTristan da Cunha
61%
United KingdomAscension Island
56%
United StatesHawaii and Midway Atoll
56%
United KingdomSouth Georgia and the South Sandwich Islands
50%
Argentina*South Georgia and the South Sandwich Islands
50%
ChileSalas y Gómez and Easter Island
44%
NorwayBouvet Island
39%
AustraliaCocos (Keeling) Islands
28%
United StatesJohnston Atoll
28%
FranceClipperton Island
22%
South AfricaMarion Island and the Prince Edward Islands
22%
FranceAmsterdam and Saint Paul Islands
17%
BrazilTrindade and Martim Vaz
17%
FranceCrozet Islands
11%
JapanMinamitorishima
11%
ChileSan Félix and San Ambrosio islands
11%

Score Distribution

Percentile by Number Answered

Percent of People with Each Score

Your Score History

You have not taken this quiz